Papers and Proceedings : regional science association

Shranjeno v:
Bibliografske podrobnosti
Glavni avtor: Genpachiro
Format: Knjiga
Jezik:Undetermined
Izdano: Tokyo University of Tokyo 1965
Teme:
Oznake: Označite
Brez oznak, prvi označite!
Thư viện lưu trữ: Trung tâm Học liệu Trường Đại học Cần Thơ
LEADER 00498nam a2200193Ia 4500
001 CTU_94168
008 210402s9999 xx 000 0 und d
082 |a 340 
082 |b G324 
100 |a Genpachiro 
245 0 |a Papers and Proceedings : 
245 0 |b regional science association 
245 0 |c Genpachiro 
260 |a Tokyo 
260 |b University of Tokyo 
260 |c 1965 
650 |a Proceeding 
904 |i Q Hiếu 
980 |a Trung tâm Học liệu Trường Đại học Cần Thơ